000 01624cam a22004694i 4500
003 PE-LiUPU
005 20250731173440.0
008 150616s1978 ag r 000 0 spa d
035 _a(Sirsi) a5645
040 _aPE-LiUPU
_bspa
_cPE-LiUPU
_erda
049 _aPRUA
082 0 4 _a262.52
_bL38
_221
100 1 _aLefebvre, Marcel,
_eautor.
245 1 0 _aAcuso al Concilio /
_cMarcel Lefebvre.
264 1 _aBuenos Aires :
_bEditorial Iction,
_c1978.
300 _a125 páginas ;
_c19 centímetros
336 _atext
_2rdacontent
337 _aunmediated
_2rdamedia
338 _avolume
_2rdacarrier
505 0 _aTodas las seciones del concilio de Vaticano II y su critica de parte de Marcel Lefbvre.
526 _aSEG42
526 _aSEG41
526 _aSEG40
526 _aSEG39
526 _aP94
526 _aP87
526 _aP86
526 _aP85
526 _aP77
526 _aP76
526 _aP35
611 2 0 _aConcilio Vaticano
_n (2º :
_d1962-1965 :
_cBasílica de San Pedro en el Vaticano)
650 1 4 _aIglesia Católica
_vLiteratura controversial.
650 2 4 _aMovimiento tradicionalista católico.
910 _ajck
_bjvq
_cjck
942 _2ddc
_cBOOK
949 _a262.52 L38
_wDEWEY
_c1
_i39411
_lCCODEBUL1
_mBUL
_p33.00
_r0
_sY
_tBOOK
_u19950928
_xTEOLOGIA
_zUNKNOWN
_0COMPRA
_o.STAFF. Colección Teología
994 _aC0
_bPEPRU
596 _a1
999 _a262.52 L38
_wDEWEY
_c56696
_i39411
_f2021-11-12
_g5
_lCCODEBUL1
_mBUL
_p33.00
_r0
_sY
_tBOOK
_u2015-6-16
_xTEOLOGIA
_PP35
_0COMPRA
_o.STAFF. Colección Teología
_d56696
980 _81
_gALBERTO SANCHEZ Responsable de Automatización